| 000 | 00757nam a2200253 a 4500 | ||
|---|---|---|---|
| 001 | BRL_933 | ||
| 005 | 20190320210947.0 | ||
| 008 | 251013s1970----u--a######---#000-0#eng-# | ||
| 020 | _a0826301681 | ||
| 041 | _aeng | ||
| 044 | _au | ||
| 050 | 4 |
_aNK835.N5 _b.D53 1970 |
|
| 100 | 1 |
_aDickey, Roland F. _925362 |
|
| 245 | 1 | 0 |
_aNew Mexico Village Arts _cRoland F. Dickey ; Drawings by Lloyd Lózes Goff. |
| 260 |
_aAlbuquerque _bUniversity of New Mexico Press _c1970 |
||
| 300 |
_axii, 264 p. _bil. _c21 cm. |
||
| 500 | _aAu1005 | ||
| 504 | _aBibliografía: p. 254-258 | ||
| 650 | 1 | 4 |
_aArtes decorativas _zNuevo México _925363 |
| 650 | 1 | 4 |
_aArte popular _zNuevo México _910820 |
| 700 | 1 |
_aLózes Goff, Lloyd _eil. _925364 |
|
| 902 | _aGRL | ||
| 942 |
_2lcc _cB |
||
| 999 |
_c9745 _d9745 |
||